00270nam a2200121Ia 4500008004100000100001800041245002300059260002400082300000800106650001000114942000700124999001700131190216s9999||||xx |||||||||||||| ||und|| aIvan Turgemev 0aHindi-Oonja Dharan bRashtriya Prakashan a175 aHindi cBK c16254d16254